书目信息 |
| 题名: |
大学英语教程
|
|
| 作者: | 余素青 , 范鹏 , 薛朝凤 主编 | |
| 分册: | 视听说 | |
| 出版信息: | 北京 北京大学出版社 2024.07 |
|
| 页数: | 册(174, 191, 页) | |
| 开本: | 26cm | |
| 丛书名: | ||
| 单 册: | ||
| 中图分类: | H319.39 | |
| 科图分类: | ||
| 主题词: | 英语--ying yu--听力--高等学校--教材 , 英语--ying yu--口语--高等学校--教材 | |
| 电子资源: | ||
| ISBN: | 978-7-301-35165-9 | |
| 000 | 01122cam 2200337 450 | |
| 001 | CAL 012024092236 | |
| 005 | 20250924180843.29 | |
| 010 | @a978-7-301-35165-9@b第二册@dCNY58.00 | |
| 010 | @a978-7-301-35165-9@b第二册@dCNY58.00 | |
| 099 | @aCAL 012024092236 | |
| 100 | @a20240903d2024 em y0chiy0120 ea | |
| 101 | 0 | @achi@aeng |
| 102 | @aCN@b110000 | |
| 105 | @aa z 000yy | |
| 106 | @ar | |
| 200 | 1 | @a大学英语教程@Ada xue ying yu jiao cheng@i视听说@d= College English@elistening and speaking@f余素青, 范鹏, 薛朝凤主编@zeng |
| 205 | @a第2版 | |
| 210 | @a北京@c北京大学出版社@d2024.07 | |
| 215 | @a 册(174, 191, 页)@c图@d26cm | |
| 300 | @a政法类院校版 | |
| 510 | 1 | @aCollege English@elistening and speaking@zeng |
| 517 | 1 | @a视听说@Ashi ting shuo |
| 606 | 0 | @a英语@Aying yu@x听力@x高等学校@j教材 |
| 606 | 0 | @a英语@Aying yu@x口语@x高等学校@j教材 |
| 690 | @aH319.39@v5 | |
| 701 | 0 | @a余素青@Ayu su qing@4主编 |
| 701 | 0 | @a范鹏@Afan peng@4主编 |
| 701 | 0 | @a薛朝凤@Axue chao feng@4主编 |
| 801 | 0 | @aCN@c20250919 |
| 905 | @a河南城建学院图书馆@dH319.39@eY767-2=2@ZY767-2=2@f1 | |
| 998 | @aPUL | |
| 大学英语教程.视听说= College English:listening and speaking/余素青, 范鹏, 薛朝凤主编.-第2版.-北京:北京大学出版社,2024.07 |
| 册(174, 191, 页):图;26cm |
| 政法类院校版 |
| ISBN 978-7-301-35165-9(第二册):CNY58.00 |
| ● |
| 相关链接 |
|
|
|
正题名:大学英语教程
索取号:H319.39/Y767-2=2
 
预约/预借
| 序号 | 登录号 | 条形码 | 馆藏地/架位号 | 状态 | 备注 |
| 1 | 1637667 | 216376678 | 语言库209/209语言库 43排6列6层/ [索取号:H319.39/Y767-2=2] | 在馆 |